003930000a220010900045001000020000002450055000203000047000757730046001229420008001689520090001769990017002661 aCho, Yong Joong10aAvoiding pitfalls on multi-cultural missions teams aVol. 12, Núm 4 (1995), Páginas 179-1830 tInternational Journal of Frontier Misions cANA 001040708HEMaFUSBCbFUSBCd2016-01-26l0o r2016-01-26 00:00:00w2016-01-26yANA c55270d55270